| 000 | 00387pab a2200157 454500 | ||
|---|---|---|---|
| 008 | 180718b2017 xxu||||| |||| 00| 0 eng d | ||
| 100 | _aHu, Fred | ||
| 245 | _aWhy globalization stalled: and how to restart it | ||
| 260 | _c2017 | ||
| 300 | _ap.54-63. | ||
| 362 | _aJuly-Aug | ||
| 650 | _aGlobalization | ||
| 700 | _aSpence, Michael | ||
| 773 | _aForeign Affairs | ||
| 909 | _a115027 | ||
| 999 |
_c115021 _d115021 |
||